00642nam a2200193Ia 4500008004100000020001500041041001200056082001600068100002000084245006600104250000800170260003900178300000700217650001500224700001600239942000700255999001500262952017100277221030s9999 xx 000 0 und d a8120003500 aEnglish a105.23bVas aV. P. Vasandani 0aTreatise on Heat Engineeringcby V. P. Vasandani, D. S. Kumar a4th bMetropolitan Pub.aNew Delhic2000 a24 aMechanical aD. S. Kumar cBK c6759d6759 pBE 2205g200.00l0o105.23 Vasr2024-06-13 00:00:00w2022-10-30yBK003Print4070aMIETLIBbMIETLIBcBL-Academic Block- C, FL-2, CUP-4, SH-6, R-6d2000-12-2010HBE